000 00292 a2200133 4500
005 20250702071707.0
020 _a0-7011-6717-3
082 _a658 RIC
100 _aRICE, A.
245 _aThe Vampire Armand,
260 _aLondon,
_bBritain,
_c1998.
300 _a385p,
_c24cm.
942 _2ddc
_cBKS
999 _c6532
_d6532